| 000 | 00500nam a2200181Ia 4500 | ||
|---|---|---|---|
| 008 | 240925s9999 xx 000 0 und d | ||
| 020 | _a201518848 | ||
| 082 | _a003.85 FRA | ||
| 100 | _aFranklin ,Gene F. | ||
| 245 | 0 | _aDigital Control of Dynamic Systems | |
| 250 | _a2nd | ||
| 260 |
_aBoston: _bAddison - Wesley _c,1990. |
||
| 300 |
_axvi,246p. _bNA _fOriginal |
||
| 500 | _aIncludes Index | ||
| 600 | _aComputer Science | ||
| 650 | _aComputer science, information & general works | ||
| 942 | _cBK | ||
| 999 |
_c4552 _d4552 |
||